El proceso de reorganización nacional 2 : cronología y documentación /

Guardado en:
Autor Principal: Troncoso, Oscar
Formato: Libro
Publicado: Buenos Aires : Centro Editor de Amárica Latina, 1985
Series:Biblioteca política argentina; 122
Materias:
Etiquetas: Agregar Etiqueta
Sin Etiquetas, Sea el primero en etiquetar este registro!
LEADER 00822nam a22002415a 4500
001 CEM.cems013810
005 20130313094744.0
008 130507s1985##################000#0#####d
003 CEMS
020 |a 9502501217 
082 0 4 |a 982.06 
100 1 |a Troncoso, Oscar 
245 1 0 |a El proceso de reorganización nacional 2 :  |b cronología y documentación /  |c Oscar Troncoso 
260 |a Buenos Aires :  |b Centro Editor de Amárica Latina,  |c 1985 
300 |a 137 p. 
490 0 |a Biblioteca política argentina; 122 
500 |a De abril de 1977 a junio de 1978.- 
653 |a Historia argentina 
653 |a Política argentina 
653 |a Proceso de reorganización nacional 
653 |a Golpes militares 
653 |a Historia argentina 1976-1983 
859 |a CEMS  |b BIB. CEMS - 11 de abril  |h 982.06  |i T752  |p 26570.13  |t Ej.1  |v 2  |3 2